[Event "Aeroflot Open A 2015"]
[Site "Moscow RUS"]
[Date "2015.03.27"]
[Round "1.2"]
[White "Bogdanovich, Stanislav"]
[Black "Nepomniachtchi, Ian"]
[Result "1/2-1/2"]
[WhiteTitle "IM"]
[BlackTitle "GM"]
[WhiteElo "2581"]
[BlackElo "2714"]
[WhiteFideId "14115298"]
[BlackFideId "4168119"]
[EventDate "2015.03.27"]

1. d4 Nf6 2. c4 g6 3. f3 e6 4. e4 c5 5. d5 d6 6. Ne2 Bg7 7. Nec3 Nh5 8. Be3 exd5
9. cxd5 f5 10. Bb5+ Nd7 11. exf5 gxf5 12. f4 Nf6 13. O-O Ng4 14. Qf3 O-O 15. Kh1
a6 16. Bxd7 Bxd7 17. Bg1 b5 18. Nd2 b4 19. Nd1 Bb5 20. Re1 Qh4 21. Re6 Rae8 22.
a4 bxa3 23. Qxa3 Rxe6 24. dxe6 Qe1 25. Nf3 Qxe6 26. Nc3 h6 27. Re1 Qd7 28. b4 c4
29. Nd4 Re8 30. Rxe8+ Qxe8 31. Ncxb5 axb5 32. Nxf5 Qe4 33. Nxg7 Kxg7 34. Qg3 h5
35. h3 Qd3 36. Qh4 Nf6 37. Qg5+ Kf7 38. Qxb5 Qe4 39. Qg5 c3 40. f5 c2 41. b5 Qe1
42. Qg6+ Ke7 43. Qg7+ Ke8 44. Qg6+ Ke7 45. Qg7+ 1/2-1/2

[Event "Aeroflot Open A 2015"]
[Site "Moscow RUS"]
[Date "2015.03.28"]
[Round "2.16"]
[White "Mamedov, Rauf"]
[Black "Wagner, Dennis"]
[Result "1-0"]
[WhiteTitle "GM"]
[BlackTitle "IM"]
[WhiteElo "2658"]
[BlackElo "2549"]
[WhiteFideId "13401653"]
[BlackFideId "24650684"]
[EventDate "2015.03.27"]

1. Nf3 Nf6 2. g3 c5 3. Bg2 Nc6 4. O-O e5 5. c4 d5 6. cxd5 Nxd5 7. Nc3 Nc7 8. d3
Be7 9. Be3 O-O 10. Nd2 Bd7 11. a4 Kh8 12. a5 Rc8 13. Qb3 Rb8 14. Rfc1 Ne6 15.
Nc4 Ned4 16. Qd1 b5 17. axb6 axb6 18. Bxd4 exd4 19. Nd5 Bg5 20. f4 Be7 21. Ra6
b5 22. Nd2 Nb4 23. Nxb4 cxb4 24. Nf3 Bf6 25. Qd2 Re8 26. Ra7 b3 27. Ne5 Bxe5 28.
fxe5 Be6 29. Qf4 Qb6 30. Rac7 h6 31. Be4 Qa5 32. Kf2 Kg8 33. R1c6 Rf8 34. Kg2
Qe1 35. Bf3 Rbd8 36. Rxe6 fxe6 37. Qg4 Rf7 38. Qxe6 Rf8 39. Rxf7 Rxf7 40. Qe8+
Rf8 41. Bd5+ Kh7 42. Qxf8 Qxe2+ 43. Qf2 1-0

[Event "Aeroflot Open A 2015"]
[Site "Moscow RUS"]
[Date "2015.03.29"]
[Round "3.25"]
[White "Swayams, Mishra"]
[Black "Tregubov, Pavel V."]
[Result "1-0"]
[WhiteTitle "IM"]
[BlackTitle "GM"]
[WhiteElo "2440"]
[BlackElo "2617"]
[WhiteFideId "5028183"]
[BlackFideId "4115341"]
[EventDate "2015.03.27"]

1. d4 Nf6 2. c4 e6 3. Nc3 Bb4 4. e3 O-O 5. Ne2 d5 6. a3 Be7 7. cxd5 exd5 8. g3
c6 9. Bg2 Na6 10. O-O Nc7 11. Nf4 Bd6 12. Nd3 Re8 13. b4 b6 14. Re1 a5 15. Bb2
axb4 16. axb4 Rxa1 17. Qxa1 Ba6 18. Ne5 Qa8 19. Rc1 Bxe5 20. dxe5 Nd7 21. f4 Bc4
22. Ne4 Qxa1 23. Bxa1 b5 24. Nd6 Ra8 25. Bh3 Nf8 26. Nc8 Ng6 27. Bd7 Ne6 28. f5
Nef8 29. e6 fxe6 30. fxe6 d4 31. e7 Rxc8 32. e8=Q Rxe8 33. Bxe8 dxe3 34. Bxc6
Ne7 35. Bf3 Ne6 36. Re1 Nf5 37. Be4 Ng5 38. Bg2 h5 39. Be5 e2 40. Kf2 g6 41. Ra1
Kf7 42. Bc3 h4 43. Ra7+ Kf8 44. g4 Nd6 45. Ke3 h3 46. Bc6 Ndf7 47. Rb7 Nd6 48.
Rd7 Ndf7 49. Kf2 Ne6 50. Bd5 Ke8 51. Bc6 Nfd8 52. Rc7+ Nxc6 53. Rxc6 Nf4 54. Rd6
Ke7 55. Rd4 Nd5 56. Bd2 Kd6 57. Kf3 Ke5 58. Re4+ Kf6 59. Kg3 Bd3 60. Re8 Kf7 61.
Re5 Nf6 62. Kxh3 Ne4 63. Be1 Kf6 64. Re8 Kg5 65. Rf8 Bc4 66. Rf3 Bd5 67. Bh4+
Kh6 68. Re3 Nd2 69. Rxe2 Nf3 70. Re7 1-0

[Event "Aeroflot Open A 2015"]
[Site "Moscow RUS"]
[Date "2015.03.30"]
[Round "4.28"]
[White "Sandipan, Chanda"]
[Black "Batchuluun, Tsegmed"]
[Result "1/2-1/2"]
[WhiteTitle "GM"]
[BlackTitle "GM"]
[WhiteElo "2569"]
[BlackElo "2499"]
[WhiteFideId "5004225"]
[BlackFideId "4900847"]
[EventDate "2015.03.27"]

1. d4 Nf6 2. c4 e6 3. Nc3 Bb4 4. e3 O-O 5. Bd2 c5 6. a3 Bxc3 7. Bxc3 Ne4 8. Rc1
d6 9. Nf3 b6 10. Bd3 Nxc3 11. Rxc3 Bb7 12. O-O Nd7 13. b4 Qf6 14. Be2 Rfd8 15.
Qb3 Rab8 16. Rd1 Qe7 17. Qa4 a6 18. Qc2 Nf6 19. Rb3 Bc6 20. Rb2 Qc7 21. Ne1 a5
22. f3 axb4 23. axb4 Ra8 24. Qb1 h6 25. Rc1 Ra3 26. Nd3 Rda8 27. Qc2 Nd7 28. Qd2
Ra1 29. Rc2 R8a3 30. Rxa1 Rxa1+ 31. Rc1 Qa7 32. dxc5 dxc5 33. b5 Bb7 34. Rxa1
Qxa1+ 35. Ne1 Kf8 36. Qd6+ Ke8 37. Kf2 Qe5 38. Qxe5 Nxe5 39. f4 Nd7 40. Bf3 Bxf3
41. Kxf3 f5 42. e4 Nf6 43. exf5 exf5 44. Nc2 Ne4 45. Ne3 Nd6 46. Kf2 Kf7 47. Ke2
Ke6 48. g3 g5 49. fxg5 hxg5 50. Kd3 Ke5 51. h4 gxh4 52. gxh4 f4 53. Nd5 Nxb5 54.
Nxb6 Nd6 55. Nd7+ 1/2-1/2

[Event "Aeroflot Open A 2015"]
[Site "Moscow RUS"]
[Date "2015.04.01"]
[Round "6.22"]
[White "Swayams, Mishra"]
[Black "Goganov, Aleksey"]
[Result "1/2-1/2"]
[WhiteTitle "IM"]
[BlackTitle "GM"]
[WhiteElo "2440"]
[BlackElo "2598"]
[WhiteFideId "5028183"]
[BlackFideId "24109959"]
[EventDate "2015.03.27"]

1. d4 Nf6 2. c4 e6 3. Nc3 Bb4 4. e3 O-O 5. Ne2 d5 6. a3 Be7 7. cxd5 exd5 8. Nf4
Re8 9. Bd3 Bd6 10. O-O Bxf4 11. exf4 Nc6 12. Be3 Ne7 13. Qc2 g6 14. f3 h5 15.
Bf2 Bf5 16. h3 Qd6 17. Ne2 Bxd3 18. Qxd3 a5 19. Rac1 Ra6 20. g4 hxg4 21. hxg4
Rb6 22. Rc2 a4 23. Bg3 Rb3 24. Qd2 Nc6 25. Nc3 Na5 26. Qh2 Nc4 27. Qh4 Rxb2 28.
Rxb2 Nxb2 29. Kg2 Qc6 30. Rh1 Nh5 31. gxh5 Qxc3 32. hxg6 Qc2+ 33. Kg1 Qb1+ 34.
Kg2 Qc2+ 35. Kg1 Qb1+ 36. Kg2 1/2-1/2

[Event "Aeroflot Open A 2015"]
[Site "Moscow RUS"]
[Date "2015.04.01"]
[Round "6.29"]
[White "Batchuluun, Tsegmed"]
[Black "Esen, Baris"]
[Result "0-1"]
[WhiteTitle "GM"]
[BlackTitle "GM"]
[WhiteElo "2499"]
[BlackElo "2571"]
[WhiteFideId "4900847"]
[BlackFideId "6302114"]
[EventDate "2015.03.27"]

1. d4 f5 2. Nf3 Nf6 3. g3 g6 4. Bg2 Bg7 5. O-O O-O 6. b4 d6 7. Bb2 Qe8 8. c4 h6
9. Nbd2 g5 10. Qc2 Nc6 11. b5 Nd8 12. e4 f4 13. gxf4 Nh5 14. f5 e6 15. d5 Bxb2
16. Qxb2 exf5 17. e5 g4 18. e6 gxf3 19. Bxf3 Nf6 20. Rae1 Nxe6 21. dxe6 Bxe6 22.
Bxb7 Rb8 23. Bf3 Kh7 24. Kh1 Qf7 25. Qc2 Rg8 26. Rg1 Nd7 27. Be2 Ne5 28. f4 Nd7
29. Rg3 Nc5 30. Reg1 Rxg3 31. Rxg3 Qf6 32. Qc3 Qxc3 33. Rxc3 a6 34. Re3 axb5 35.
cxb5 Kg6 36. Nb3 Bd5+ 37. Kg1 Ne6 38. Bf1 Ra8 39. Bg2 Nxf4 40. Bxd5 Nxd5 41. Rd3
Nf4 42. Rd2 Kg5 43. Kf2 Ra4 44. Kf3 Ng6 45. Rg2+ Kf6 46. Rc2 Ne5+ 47. Kg2 Nc4
48. Kf3 Na3 49. Rxc7 Nxb5 50. Rh7 Rxa2 51. Rxh6+ Ke5 52. Nc1 Nd4+ 53. Ke3 f4+
54. Kd3 Ra3+ 55. Kd2 Nf3+ 56. Ke2 Re3+ 57. Kd1 Nd4 58. Kd2 d5 59. Nd3+ Ke4 60.
Nc5+ Kf5 61. Rh5+ Kg4 62. Rxd5 Nf3+ 63. Kd1 Re1+ 64. Kc2 Ne5 65. Kd2 Re3 66. Rd8
Nf3+ 67. Kc2 Nxh2 68. Rg8+ Kh4 69. Nd3 f3 70. Kd2 Re4 71. Rg7 Ng4 72. Rg8 Ne5
73. Rf8 Kg3 74. Rg8+ Kh2 75. Rh8+ Kg1 76. Rh1+ Kg2 77. Re1 f2 78. Rxe4 Nf3+ 79.
Ke3 f1=Q 80. Rg4+ Kh2 81. Nf2 Ne5 82. Rf4 Qe1+ 83. Kd4 Kg3 84. Re4 Nf3+ 0-1

[Event "Aeroflot Open A 2015"]
[Site "Moscow RUS"]
[Date "2015.04.02"]
[Round "7.25"]
[White "Esen, Baris"]
[Black "Sanal, Vahap"]
[Result "1/2-1/2"]
[WhiteTitle "GM"]
[BlackTitle "IM"]
[WhiteElo "2571"]
[BlackElo "2487"]
[WhiteFideId "6302114"]
[BlackFideId "6300545"]
[EventDate "2015.03.27"]

1. Nf3 Nf6 2. c4 e6 3. Nc3 b6 4. g3 Bb7 5. Bg2 Be7 6. O-O O-O 7. Re1 c5 8. e4 d6
9. d4 cxd4 10. Nxd4 Qc7 11. b3 a6 12. a4 Nc6 13. Be3 Rac8 14. g4 Rfe8 15. g5 Nd7
16. Nde2 g6 17. f4 Bf8 18. Rf1 Nb4 19. Bd4 Nc6 20. Bf2 Nb4 21. h4 Nc5 22. Rb1 d5
23. cxd5 exd5 24. exd5 Ncd3 25. Bd4 Bc5 26. Bxc5 Qxc5+ 27. Kh2 Nf2 28. Qd2 Ng4+
29. Kh1 Nf2+ 30. Kh2 Ng4+ 31. Kh1 Ne3 32. Ne4 Nxf1 33. Nf6+ Kh8 34. Rxf1 Nxd5
35. Nxe8 Rxe8 36. Ng3 Ba8 37. Ne4 Qe3 38. Qb2+ Kg8 39. Nd6 Nxf4 40. Rxf4 Qe1+
41. Kh2 Re2 42. Nxf7 Qxh4+ 43. Rxh4 Rxb2 44. Nh6+ Kf8 45. Rg4 Bd5 46. Kg1 Bxg2
47. Rxg2 Rxb3 48. Rf2+ Ke8 49. Rf6 Rb4 50. Kf2 Rxa4 51. Rxb6 Ra5 52. Kf3 Rxg5
53. Rxa6 Ke7 54. Ra7+ Ke6 55. Kf4 Rg1 56. Rxh7 Rf1+ 57. Kg5 Ra1 58. Rh8 Rg1+ 59.
Ng4 Ra1 60. Kxg6 Rg1 61. Re8+ Kd5 62. Kg5 Kd6 63. Kf5 Rf1+ 64. Ke4 Ra1 65. Ne3
Ra4+ 66. Kf5 Ra1 67. Kf6 Rh1 68. Nf5+ Kd5 69. Rd8+ Kc4 70. Ne3+ Kc3 71. Ke5 Rh5+
72. Nf5 Rh1 73. Ke4 Re1+ 74. Ne3 Rh1 75. Rc8+ Kb4 76. Nd5+ Kb5 77. Nc3+ Kb6 78.
Kd3 Rh3+ 79. Kd4 Rh4+ 80. Ne4 Rh1 81. Rc2 Rh8 82. Nf6 Rh4+ 83. Kd5 Kb5 84. Nd7
Kb4 85. Ne5 Rh8 86. Nc6+ Kb3 87. Nd4+ Kb4 88. Rc4+ Ka3 89. Rc3+ Kb2 90. Rc7 Ra8
91. Rc5 Rh8 92. Kc4 Rg8 93. Rb5+ Kc1 94. Re5 Rc8+ 95. Kd3 Kb2 96. Rb5+ Ka3 97.
Rb6 Rc1 98. Rb8 Ka4 99. Nb3 Rc7 100. Kd4 Ka3 101. Nc5 Rh7 102. Rb3+ Ka2 103. Rb5
Rh1 104. Kc3 Rc1+ 105. Kd3 Ka3 106. Ke2 Rc2+ 107. Kd3 Rb2 108. Rxb2 Kxb2 1/2-1/2

[Event "Aeroflot Open A 2015"]
[Site "Moscow RUS"]
[Date "2015.04.02"]
[Round "7.30"]
[White "Tran, Tuan Minh"]
[Black "Predke, Alexandr"]
[Result "1/2-1/2"]
[WhiteTitle "IM"]
[WhiteElo "2455"]
[BlackElo "2530"]
[WhiteFideId "12401820"]
[BlackFideId "24107581"]
[EventDate "2015.03.27"]

1. d4 Nf6 2. c4 e6 3. Nf3 d5 4. Nc3 Bb4 5. cxd5 exd5 6. Bg5 h6 7. Bh4 c5 8. e3
c4 9. Be2 g5 10. Bg3 Nc6 11. Be5 Bf5 12. O-O Bxc3 13. bxc3 O-O 14. Bxf6 Qxf6 15.
Nd2 b5 16. Bf3 Rad8 17. e4 dxe4 18. Nxe4 Qg6 19. Bh5 Qg7 20. Qf3 Ne7 21. Rfe1
Be6 22. Nf6+ Kh8 23. Bg4 Nd5 24. Nxd5 Bxd5 25. Qh3 Qf6 26. a4 a6 27. axb5 axb5
28. Re5 Kg7 29. Qe3 Bc6 30. h3 Bd5 31. Rf1 Qd6 32. Rb1 Rb8 33. Re7 Rfd8 34. Rb4
Kf8 35. Qe5 Qxe5 36. Rxe5 f6 37. Re1 Rb7 38. Ra1 Rd6 39. Rab1 Bc6 40. Ra1 Ke7
41. Kf1 Kd8 42. f3 Kc7 43. Kf2 Kb6 44. Rb2 Ra7 45. Rxa7 Kxa7 46. Bf5 h5 47. g4
hxg4 48. hxg4 Kb6 49. Be4 Rd8 50. Ke3 Rh8 51. d5 Bd7 52. Kd4 Rh1 53. Rb1 Rh2 54.
Rd1 Bc8 55. Re1 Bb7 56. Rf1 Rd2+ 57. Ke3 Rh2 58. Kd4 Rd2+ 59. Ke3 Rh2 60. Rd1
Bc8 61. Kd4 Bb7 62. d6 Bc8 63. Kd5 Re2 64. Kd4 Be6 65. Ba8 Bd7 66. Be4 Bc8 67.
Bd5 Be6 68. Be4 Bd7 69. Bd5 Ra2 70. Be4 Bc6 71. Bf5 Bxf3 72. d7 Kc7 73. Re1 Bc6
74. Kc5 Bxd7 75. Re7 Rd2 76. Rf7 Kd8 77. Rxf6 Ke7 78. Rg6 Bxf5 79. gxf5 Rc2 80.
Kb4 Rb2+ 81. Kc5 b4 82. Kxc4 bxc3 83. Kxc3 Rf2 84. Rxg5 Kf6 85. Rh5 Rxf5 86.
Rxf5+ Kxf5 87. Kd4 1/2-1/2

[Event "Aeroflot Open A 2015"]
[Site "Moscow RUS"]
[Date "2015.04.03"]
[Round "8.27"]
[White "Oparin, Grigoriy"]
[Black "Swayams, Mishra"]
[Result "1-0"]
[WhiteTitle "GM"]
[BlackTitle "IM"]
[WhiteElo "2562"]
[BlackElo "2440"]
[WhiteFideId "24125890"]
[BlackFideId "5028183"]
[EventDate "2015.03.27"]

1. e4 e6 2. d4 d5 3. Nc3 Nf6 4. Bg5 Bb4 5. e5 h6 6. Bc1 Ne4 7. Qg4 g6 8. Ne2 c5
9. a3 Bxc3+ 10. Nxc3 Nxc3 11. bxc3 Qa5 12. Bd2 Qa4 13. Qf3 c4 14. Qd1 Nc6 15. h4
Bd7 16. h5 g5 17. f4 gxf4 18. Bxf4 O-O-O 19. Qd2 Qa5 20. Be2 Rh7 21. Qe3 Ne7 22.
g4 Ba4 23. Kd2 Rdh8 24. Rhf1 Kb8 25. Bg3 Rc8 26. Bh4 Ng8 27. g5 hxg5 28. Bxg5
Qc7 29. h6 Ne7 30. Bh5 Nf5 31. Rxf5 exf5 32. Bf4 Ka8 33. e6 Qe7 34. exf7 Qh4 35.
Rg1 Qxh5 36. Rg8 Rh8 37. Rxh8 Rxh8 38. Qe7 b6 39. h7 Qxh7 40. f8=Q+ Rxf8 41.
Qxh7 Bc6 42. Bd6 Rc8 43. Qxf5 Kb7 44. Qf7+ Ka6 45. Be5 Re8 46. Qc7 Ba8 47. Qd7
Rg8 48. a4 1-0

[Event "Aeroflot Open A 2015"]
[Site "Moscow RUS"]
[Date "2015.04.03"]
[Round "8.34"]
[White "Abdumalik, Zhansaya"]
[Black "Can, Emre"]
[Result "0-1"]
[WhiteTitle "WGM"]
[BlackTitle "GM"]
[WhiteElo "2379"]
[BlackElo "2555"]
[WhiteFideId "13703544"]
[BlackFideId "6302181"]
[EventDate "2015.03.27"]

1. e4 g6 2. d4 Bg7 3. Nc3 d6 4. f4 Nf6 5. Nf3 O-O 6. Bd3 Nc6 7. e5 dxe5 8. fxe5
Nh5 9. Be3 Bg4 10. Be2 f6 11. exf6 exf6 12. Qd2 Ne7 13. Bd3 Bxf3 14. gxf3 c6 15.
O-O-O f5 16. Bc4+ Nd5 17. Bh6 Qd6 18. Rhe1 Rae8 19. Bxg7 Kxg7 20. Bxd5 cxd5 21.
Re5 Rxe5 22. dxe5 Qxe5 23. Nxd5 Nf6 24. Nxf6 Qxf6 25. f4 Re8 26. Qb4 Re7 27. a4
b6 28. a5 Re4 29. Qd2 Kh6 30. axb6 axb6 31. Qf2 Qe6 32. Rd3 Kg7 33. b3 Qe7 34.
Qxb6 Rxf4 35. Kb2 h5 36. Rc3 Kh6 37. Qb8 Kg5 38. h3 h4 39. Rc6 Qg7+ 40. Ka2 Rf1
41. c3 Qe7 42. Qb6 Qe8 43. Ka3 Ra1+ 44. Kb2 Re1 45. Rd6 Kh5 46. Rd8 Qe7 47. Rd2
Re3 48. Qd4 Rxh3 49. b4 Re3 50. b5 Re4 51. Qd5 Qc7 52. Rd3 Re5 53. Qf3+ Kg5 54.
Rd5 Rxd5 55. Qxd5 h3 56. Kb3 Kh4 57. Qd4+ f4 58. b6 Qf7+ 59. Kb4 Kg5 60. Qg1+
Kh6 61. Qg4 Qe7+ 62. Ka4 Qe3 63. Kb5 Qd3+ 64. c4 Qb3+ 65. Kc5 Qg3 66. Qc8 Qg1+
67. Kb5 h2 68. b7 h1=Q 69. Qh8+ Kg5 70. Qe5+ Kg4 71. b8=Q Qb1+ 72. Kc5 Qhg1+ 73.
Kc6 Qg2+ 74. Kc5 Qf2+ 75. Kc6 Qf3+ 76. Kc5 Qa3+ 77. Kd5 Qad3+ 78. Kc5 Qg1+ 79.
Kb4 Qdb1+ 80. Ka5 Qxb8 81. Qxb8 Qa1+ 82. Kb6 Qb2+ 83. Kc6 0-1

[Event "Aeroflot Open A 2015"]
[Site "Moscow RUS"]
[Date "2015.04.04"]
[Round "9.3"]
[White "Salem, A.R. Saleh"]
[Black "Anton Guijarro, David"]
[Result "1/2-1/2"]
[WhiteTitle "GM"]
[BlackTitle "GM"]
[WhiteElo "2603"]
[BlackElo "2614"]
[WhiteFideId "9301348"]
[BlackFideId "2285525"]
[EventDate "2015.03.27"]

1. e4 e6 2. d4 d5 3. Nc3 Nf6 4. e5 Nfd7 5. f4 c5 6. Nf3 Nc6 7. Be3 Be7 8. Qd2
O-O 9. dxc5 Nxc5 10. O-O-O a6 11. Kb1 b5 12. Qf2 Na4 13. Nxa4 bxa4 14. Nd4 Qc7
15. Nxc6 Qxc6 16. Bd4 Rb8 17. h4 a5 18. Rh3 Ba6 19. Bxa6 Qxa6 20. f5 exf5 21.
Qxf5 a3 22. b3 Qe6 23. Rf3 g6 24. Qh3 h5 25. Rdf1 Rbc8 26. Qxe6 fxe6 27. Rxf8+
Rxf8 28. Rxf8+ Kxf8 29. g3 Ke8 30. c3 Kd7 31. Kc2 Kc6 1/2-1/2

[Event "Aeroflot Open A 2015"]
[Site "Moscow RUS"]
[Date "2015.04.04"]
[Round "9.5"]
[White "Sasikiran, Krishnan"]
[Black "Jumabayev, Rinat"]
[Result "0-1"]
[WhiteTitle "GM"]
[BlackTitle "GM"]
[WhiteElo "2682"]
[BlackElo "2572"]
[WhiteFideId "5004985"]
[BlackFideId "13702661"]
[EventDate "2015.03.27"]

1. Nf3 c5 2. e4 Nc6 3. Bb5 e6 4. O-O Nge7 5. d4 cxd4 6. Nxd4 Qc7 7. Nb3 Ng6 8.
Nc3 Bb4 9. Kh1 O-O 10. f4 f6 11. Ne2 b6 12. c3 Bd6 13. Be3 Bb7 14. Qd2 Nd8 15.
Ng3 Nf7 16. Bd3 Rfe8 17. Rae1 e5 18. f5 Nf4 19. Bc2 g6 20. Nc1 Ba6 21. Nd3 Kg7
22. Rd1 Rad8 23. Rf3 Bxd3 24. Bxd3 Ng5 25. Rff1 Bc5 26. c4 Bxe3 27. Qxe3 Qc5 28.
Qd2 Rc8 29. b3 Nf7 30. Ne2 Nxe2 31. Bxe2 Red8 32. Qc3 Ng5 33. Rd5 Qe7 34. Qe3
Rc5 35. Rd2 Rc7 36. h4 Nf7 37. Bg4 Rc6 38. Qg3 Rd6 39. Rdf2 Rg8 40. Bh5 Kh6 41.
fxg6 hxg6 42. Be2 Kg7 43. b4 Rc6 44. a3 Rh8 45. Kg1 g5 46. h5 Rf8 47. Qh3 Nh6
48. Qe3 Kh7 49. Rd1 Rd6 50. Rff1 Rc8 51. Rxd6 Qxd6 52. Rd1 Qe6 53. Rd5 Rc7 54.
Qd2 Nf7 55. Qd1 Qc6 56. Kh2 Kg7 57. a4 d6 58. Qb3 Qd7 59. Qd1 Qe8 60. a5 bxa5
61. Rxa5 Qc6 62. Qd3 Qb6 63. Rb5 Qf2 64. Rb8 Qh4+ 65. Kg1 g4 66. Qd5 Qe1+ 67.
Bf1 g3 68. Qd3 Qf2+ 69. Kh1 Qf4 70. Kg1 Qh4 0-1

[Event "Aeroflot Open A 2015"]
[Site "Moscow RUS"]
[Date "2015.04.04"]
[Round "9.6"]
[White "Khairullin, Ildar"]
[Black "Grachev, Boris"]
[Result "1-0"]
[WhiteTitle "GM"]
[BlackTitle "GM"]
[WhiteElo "2630"]
[BlackElo "2673"]
[WhiteFideId "4151348"]
[BlackFideId "4129199"]
[EventDate "2015.03.27"]

1. d4 d5 2. c4 e6 3. Nc3 Nf6 4. Nf3 c5 5. cxd5 cxd4 6. Qxd4 exd5 7. e4 dxe4 8.
Qxd8+ Kxd8 9. Ng5 Be6 10. Nxe6+ fxe6 11. Bg5 Ke8 12. O-O-O Nc6 13. Bc4 Ne5 14.
Bb5+ Kf7 15. Bxf6 gxf6 16. Nxe4 a6 17. Ba4 b5 18. Bb3 Bh6+ 19. Kb1 Rhd8 20. Nc5
Nc4 21. Bxc4 bxc4 22. Nb7 Rxd1+ 23. Rxd1 Kg6 24. Kc2 Bf4 25. g3 Bc7 26. Nd6 Bb6
27. f4 e5 28. fxe5 fxe5 29. Nxc4 Bd4 30. Rf1 Rd8 31. b3 Kg5 32. Kd3 Kg4 33. Rf7
h5 34. Ke4 Kh3 35. Rh7 Kxh2 36. g4 h4 37. Rxh4+ Kg3 38. Rh6 a5 39. g5 Ba1 40.
Rd6 Rf8 41. Rf6 Rd8 42. Nd6 Kg4 43. g6 Kg5 44. Re6 Rg8 45. Nf7+ Kh5 46. Nxe5 a4
47. b4 Rb8 48. g7 Rxb4+ 49. Kf5 Rb8 50. Rg6 Rg8 51. Rg1 1-0

[Event "Aeroflot Open A 2015"]
[Site "Moscow RUS"]
[Date "2015.04.04"]
[Round "9.11"]
[White "Matlakov, Maxim"]
[Black "Bok, Benjamin"]
[Result "1-0"]
[WhiteTitle "GM"]
[BlackTitle "GM"]
[WhiteElo "2693"]
[BlackElo "2587"]
[WhiteFideId "4168003"]
[BlackFideId "1017063"]
[EventDate "2015.03.27"]

1. Nf3 c5 2. c4 Nf6 3. Nc3 d5 4. cxd5 Nxd5 5. d4 Nxc3 6. bxc3 g6 7. e4 Bg7 8.
Be3 Qa5 9. Qd2 Nc6 10. Rb1 cxd4 11. cxd4 O-O 12. Bd3 Bg4 13. Qxa5 Nxa5 14. Ke2
Rad8 15. d5 f5 16. Rhc1 e6 17. h3 Bxf3+ 18. gxf3 fxe4 19. fxe4 exd5 20. Rb5 dxe4
21. Bxe4 b6 22. Rc7 Kh8 23. Rd5 Rfe8 24. Rxa7 Nc4 25. Rxd8 Rxd8 26. Bg5 Re8 27.
Be7 Nd6 28. Bc6 Nc8 29. Bxe8 Nxa7 30. Bd7 Bd4 31. f4 Kg7 32. Kd3 Kf7 33. Bd8 Bf2
34. a4 h5 35. Ke4 Bc5 36. h4 Bf2 37. Kd5 Be3 38. Bg5 Bc5 39. Bd8 Be3 40. Ke5 Bc5
41. f5 gxf5 42. Kxf5 Be3 43. Bf6 Bc5 44. Be6+ Ke8 45. Kg6 Be7 46. Bf7+ Kd7 47.
Kg7 Bb4 48. Bxh5 b5 49. Bg4+ Ke8 50. h5 bxa4 51. Bd7+ Kxd7 52. h6 1-0

[Event "Aeroflot Open A 2015"]
[Site "Moscow RUS"]
[Date "2015.04.04"]
[Round "9.13"]
[White "Petrosian, Tigran L."]
[Black "Idani, Pouya"]
[Result "0-1"]
[WhiteTitle "GM"]
[BlackTitle "GM"]
[WhiteElo "2671"]
[BlackElo "2496"]
[WhiteFideId "13301616"]
[BlackFideId "12510130"]
[EventDate "2015.03.27"]

1. Nf3 c5 2. c4 Nc6 3. Nc3 g6 4. g3 Bg7 5. Bg2 d6 6. O-O Bf5 7. d3 Qd7 8. Re1
Bh3 9. Bh1 h6 10. a3 Nf6 11. Rb1 a5 12. Bd2 O-O 13. Nd5 Nxd5 14. cxd5 Nd4 15.
Nxd4 cxd4 16. Qb3 b5 17. Rbc1 Qb7 18. Bf3 a4 19. Qb4 Rfc8 20. Rc4 Rxc4 21. dxc4
Rb8 22. c5 dxc5 23. Qxc5 Rc8 24. Qb4 Qd7 25. b3 e5 26. dxe6 Bxe6 27. bxa4 bxa4
28. Rc1 Rxc1+ 29. Bxc1 Bb3 30. Bb2 h5 31. h4 Kh7 32. Kh2 Qd8 33. Qd2 Qb6 34. Kg2
Qc5 35. Qd3 Bc2 36. Qd2 Qc4 37. Qc1 Qb3 38. Kg1 Bf5 39. Qa1 Bg4 40. Bxg4 d3 41.
Bf3 Bxb2 42. Qf1 d2 43. e3 Qxa3 44. Qb1 Bg7 45. Kg2 Qb3 0-1

[Event "Aeroflot Open A 2015"]
[Site "Moscow RUS"]
[Date "2015.04.04"]
[Round "9.14"]
[White "Goganov, Aleksey"]
[Black "Sjugirov, Sanan"]
[Result "1/2-1/2"]
[WhiteTitle "GM"]
[BlackTitle "GM"]
[WhiteElo "2598"]
[BlackElo "2669"]
[WhiteFideId "24109959"]
[BlackFideId "4189302"]
[EventDate "2015.03.27"]

1. d4 Nf6 2. c4 e6 3. Nc3 Bb4 4. e3 O-O 5. Bd3 d5 6. Nf3 b6 7. cxd5 exd5 8. O-O
Bb7 9. a3 Bd6 10. b4 a6 11. b5 axb5 12. Nxb5 Be7 13. Bb2 Nbd7 14. Qc2 c6 15. Nc3
Ba6 16. e4 dxe4 17. Nxe4 Nxe4 18. Bxa6 Rxa6 19. Qxe4 b5 20. Rfe1 Bd6 21. d5 Nf6
22. Bxf6 Qxf6 23. dxc6 b4 24. Ne5 Bxe5 25. Qxe5 Qxe5 26. Rxe5 bxa3 27. g3 Rxc6
28. Rxa3 g6 1/2-1/2

[Event "Aeroflot Open A 2015"]
[Site "Moscow RUS"]
[Date "2015.04.04"]
[Round "9.15"]
[White "Van Foreest, Jorden"]
[Black "Motylev, Alexander"]
[Result "1/2-1/2"]
[WhiteTitle "IM"]
[BlackTitle "GM"]
[WhiteElo "2493"]
[BlackElo "2653"]
[WhiteFideId "1039784"]
[BlackFideId "4121830"]
[EventDate "2015.03.27"]

1. e4 c6 2. d4 d5 3. e5 Bf5 4. h4 Qc7 5. Nc3 h6 6. g4 Bh7 7. e6 fxe6 8. Bd3 e5
9. Bxh7 Rxh7 10. dxe5 Qxe5+ 11. Be3 Qd6 12. Qd3 g6 13. O-O-O Nd7 14. Ne4 Qe6 15.
Nc5 Nxc5 16. Bxc5 Qxg4 17. Ne2 Nf6 18. Rhg1 Qe4 19. Qd2 Qxh4 20. Rxg6 Rg7 21.
Rxh6 Qg5 22. Be3 Qg4 23. Nd4 Rf7 24. Rh8 e5 25. Nb3 Qc4 26. Qa5 Qa6 27. Qxa6
bxa6 28. Re1 O-O-O 29. Na5 Kc7 30. c3 Ng4 31. Bxa7 c5 32. Rg1 Nxf2 33. Rg6 Nd3+
34. Kc2 c4 35. Bb6+ Kd7 36. Bxd8 Rf2+ 37. Kb1 Rf1+ 38. Kc2 Rf2+ 39. Kb1 Rf1+ 40.
Kc2 Rf2+ 1/2-1/2

[Event "Aeroflot Open A 2015"]
[Site "Moscow RUS"]
[Date "2015.04.04"]
[Round "9.17"]
[White "Grigoriants, Sergey"]
[Black "Kovalenko, Igor"]
[Result "1-0"]
[WhiteTitle "GM"]
[BlackTitle "GM"]
[WhiteElo "2573"]
[BlackElo "2661"]
[WhiteFideId "4130804"]
[BlackFideId "14117908"]
[EventDate "2015.03.27"]

1. Nf3 g6 2. e4 d6 3. d4 Nf6 4. Bd3 Bg7 5. O-O O-O 6. Re1 c5 7. dxc5 dxc5 8. e5
Nd5 9. Be4 Nb6 10. Nc3 Qxd1 11. Rxd1 N8d7 12. Bf4 c4 13. a4 Nc5 14. a5 Nxe4 15.
Nxe4 Nd7 16. Rd4 b5 17. a6 Nb8 18. Nc3 Nxa6 19. Nxb5 Rb8 20. Nxa7 Rxb2 21. Nc6
Rb7 22. Rxc4 Rc7 23. Na5 Rxc4 24. Nxc4 Nb4 25. Ne3 Nc6 26. h3 Bb7 27. Rb1 Na5
28. Rb5 Bxf3 29. Rxa5 Be4 30. Ra4 Bc6 31. Ra7 Re8 32. c4 h6 33. h4 Bf8 34. Nd5
Kg7 35. Rc7 Ba4 36. Nb6 Bb3 37. c5 e6 38. Nc8 g5 39. hxg5 hxg5 40. Bxg5 Kg6 41.
Bf6 Bd1 42. f3 Be2 43. Kf2 Ba6 44. Nd6 Rb8 45. g4 Bh6 46. Nxf7 Rb2+ 47. Kg3 Be3
48. Nh8+ Kh6 49. g5+ Bxg5 50. Nf7+ Kg6 51. Nxg5 Kf5 52. Ne4 1-0